000 00536pam a2200205 4500
001 3614014
005 20180119071752.0
008 730727s1974 nyua 001 0 eng
010 _a 73012720
020 _a0070497672
040 _aDLC
_cDLC
_dDLC
041 _aeng
080 _a658.4
082 0 0 _a658.4 PHI
100 1 _a54
101 _aLID
245 1 0 _aInformation systems through COBOL
_c[by] Andreas S. Philippakis [and] Leonard J. Kazmier.
906 _a7
_bcbc
_corignew
_d1
_eocip
_f19
_gy-gencatlg
942 _2ddc
_cBK
999 _c40580
_d40580